Normal view
MARC view
Entry Corporate Name
001 - CONTROL NUMBER
- control field: 1234781
003 - CONTROL NUMBER IDENTIFIER
- control field: OSt
005 - DATE AND TIME OF LATEST TRANSACTION
- control field: 20260413171457.0
008 - FIXED-LENGTH DATA ELEMENTS
- fixed length control field: 260413|| aca||aabn | a|a d
040 ## - CATALOGING SOURCE
- Original cataloging agency: OSt
- Transcribing agency: OSt
110 ## - HEADING--CORPORATE NAME
- Corporate name or jurisdiction name as entry element: Ramakrishna Math
670 ## - SOURCE DATA FOUND
- Source citation: Work cat.: (OSt)1848264: Beckerlegge, Gwilym. 1234780, Swami Vivekananda's legacy of service :, 2006.
